00860nam a2200217 a 450000100100000000500170001000800410002702000150006804000250008308200180010810000240012624501430015026000680029330000270036150000380038860000400042670000340046604900090050095201160050999900170062500002173820200930011429.0100910s1994 mx a r 000 |bspa d a9682972574 aDO-SdBNPbspacBNPHU a928.72bA799N1 aNervo, Amado91259010aJuana de Asbaje :bcontribución al centenario de la independencia de México /cAmado Nervo;introduccion y edición, Antonio Alatorre. aMéxico D. F. :bConsejo Nacional para la Cultura y las Artes. a194 p. :bil ;c21 cm. aIncluye notas al pie de páginas10aASBAJE, JUANA, DEd1651-16959451831 aAlatorre, Antonioeed.945184 aBNGR 001050718MOaGRbGRcCTd2010-09-10iLF1l0o928.72 A799Np21738-10r2020-06-25w2020-06-25y1ZNo se presta c21237d21237